Statystyki dla Kraje Najbliżej Polski

Kliknij tutaj aby rozwiązać quiz!

Ogólne statystyki

  • Ten quiz został rozwiązany 28,192 razy
  • Średni wynik to 17 z 20

Statystyki odpowiedzi

km kraj % Correct
0Niemcy
100%
0Czechy
99%
0Rosja
99%
0Słowacja
98%
0Ukraina
98%
0Litwa
98%
0Białoruś
97%
190Łotwa
93%
143Austria
87%
396Estonia
86%
76Węgry
86%
154Szwecja
81%
94Dania
80%
345Słowenia
79%
101Rumunia
74%
370Chorwacja
73%
334Serbia
61%
454Włochy
61%
464Holandia
61%
287Mołdawia
55%

Rozkład punktacji

Percentyl według liczby udzielonych odpowiedzi

Procent ludzi z każdym wynikiem

Twoja historia wyników

Nie rozwiązałeś tego quizu